[Event "Tallinn Leito Memorial"]
[Site "Tallinn"]
[Date "2023.02.04"]
[Round "1"]
[White "Rajandu, Aaron"]
[Black "Shirov, Alexei"]
[Result "0-1"]
[WhiteElo "1539"]
[BlackElo "2666"]
[PlyCount "96"]
[EventDate "2023.02.04"]
[EventType "swiss (rapid)"]
[EventRounds "9"]
[EventCountry "EST"]
[SourceTitle "CBM 212 Extra"]
[Source "ChessBase"]
[SourceDate "2023.03.31"]
[SourceVersion "1"]
[SourceVersionDate "2023.03.31"]
[SourceQuality "1"]

1. d4 Nf6 2. c4 g6 3. Nc3 d5 4. cxd5 Nxd5 5. e4 Nxc3 6. bxc3 Bg7 7. Nf3 c5 8. Be3 Qa5 9. Qb3 0-0 10. Bc4 cxd4 11. Bxd4 Bxd4 12. Nxd4 Nd7 13. 0-0 Nc5 14. Qc2 Bd7 15. Nb3 Qa4 16. Qe2 Rac8 17. Nxc5 Rxc5 18. Bb3 Qc6 19. c4 Be6 20. Rac1 Rc8 21. Rfd1 Bxc4 22. Bxc4 Rxc4 23. Rxc4 Qxc4 24. Qxc4 Rxc4 25. f3 b5 26. Rd2 Ra4 27. Kf2 Ra3 28. Ke1 Kg7 29. Ke2 Kf6 30. f4 h5 31. h4 b4 32. Kf2 a5 33. Ke2 e5 34. Rd6+ Ke7 35. fxe5 Rxa2+ 36. Kd3 Rxg2 37. Ra6 b3 38. Rxa5 b2 39. Rb5 g5 40. hxg5 h4 41. Ke3 h3 42. Kf3 Rc2 43. Rb7+ Ke6 44. Rb6+ Kxe5 45. g6 fxg6 46. Rb5+ Kd6 47. Rd5+ Kc6 48. Rd1 Rc1 0-1

[Event "Wch U12 blitz"]
[Site "Rhodes"]
[Date "2022.05.03"]
[Round "1"]
[White "Rajandu, Aaron"]
[Black "Dotzer, Lukas"]
[Result "0-1"]
[WhiteElo "1402"]
[BlackElo "2026"]
[PlyCount "78"]
[EventDate "2022.05.03"]
[EventType "swiss (blitz)"]
[EventRounds "9"]
[EventCountry "GRE"]
[SourceTitle "CBM 208 Extra"]
[Source "ChessBase"]
[SourceDate "2022.07.31"]
[SourceVersion "1"]
[SourceVersionDate "2022.07.31"]
[SourceQuality "1"]

1. e4 c5 2. Nf3 d6 3. d4 cxd4 4. Nxd4 Nf6 5. Nc3 a6 6. Be3 e6 7. Qd2 b5 8. f3 Bb7 9. 0-0-0 Nbd7 10. g4 h6 11. h4 Qc7 12. Be2 Ne5 13. g5 Nh5 14. f4 Nc4 15. Bxc4 Qxc4 16. Rhg1 b4 17. Nb1 Bxe4 18. b3 Qc7 19. Qxb4 Rc8 20. Qa4+ Qd7 21. Qxd7+ Kxd7 22. Nd2 Bg6 23. Nc4 Rc7 24. Nf3 Be4 25. Nfe5+ Kc8 26. Bb6 dxe5 27. Bxc7 Kxc7 28. Nxe5 Nxf4 29. Rge1 Ba3+ 30. Kb1 Nd5 31. Rd2 Bb4 32. Rxe4 Bxd2 33. Nxf7 Nc3+ 34. Kb2 Nxe4 35. Nxh8 hxg5 36. hxg5 Bxg5 37. Ng6 Bf6+ 38. Kc1 Kd6 39. Nf4 Bg5 0-1

[Event "Kaspersky op U16"]
[Site "Tornelo INT"]
[Date "2021.04.02"]
[Round "1"]
[White "Zeliantsova, Kseniya"]
[Black "Rajandu, Aaron"]
[Result "1-0"]
[WhiteElo "2017"]
[BlackElo "1233"]
[PlyCount "57"]
[EventDate "2021.04.02"]
[EventType "swiss (blitz)"]
[EventRounds "11"]
[EventCountry "RUS"]
[SourceTitle "CBM 201 Extra"]
[Source "ChessBase"]
[SourceDate "2021.05.31"]
[SourceVersion "1"]
[SourceVersionDate "2021.05.31"]
[SourceQuality "1"]

1. e4 e5 2. Nf3 Nc6 3. Bb5 d6 4. d4 Bd7 5. 0-0 Nf6 6. Nc3 Be7 7. Re1 0-0 8. h3 exd4 9. Nxd4 Nxd4 10. Qxd4 Bxb5 11. Nxb5 a6 12. Nc3 Qd7 13. Bg5 Rfe8 14. Rad1 Rad8 15. Qe3 b6 16. e5 Nh5 17. Bxe7 Rxe7 18. Qg5 g6 19. Nd5 Rxe5 20. Rxe5 dxe5 21. Ne7+ Kg7 22. Rxd7 Rxd7 23. Nf5+ Kh8 24. Ne3 f6 25. Qg4 f5 26. Qc4 Nf4 27. Qxa6 Kg7 28. Qc8 Ne2+ 29. Kf1 1-0

[Event "Wch FIDE Online U10 Europe qual"]
[Site "Tornelo INT"]
[Date "2020.12.08"]
[Round "3"]
[White "Ruzhansky, Elias"]
[Black "Rajandu, Aaron"]
[Result "0-1"]
[WhiteElo "1446"]
[BlackElo "1117"]
[PlyCount "160"]
[EventDate "2020.12.07"]
[EventType "swiss (rapid)"]
[EventRounds "7"]
[EventCountry "ISS"]
[SourceTitle "EXT 2022"]
[Source "ChessBase"]
[SourceDate "2021.10.06"]
[SourceVersion "1"]
[SourceVersionDate "2021.10.06"]
[SourceQuality "1"]

1. e4 e6 2. d4 d5 3. Nd2 c5 4. exd5 exd5 5. Bb5+ Nc6 6. Qe2+ Qe7 7. dxc5 Qxe2+ 8. Kxe2 Bxc5 9. Ngf3 Bd7 10. Re1 0-0-0 11. Nb3 Bb6 12. c3 Nf6 13. Kf1 Ne4 14. Be3 Bxe3 15. Rxe3 Rhe8 16. Rd1 Bg4 17. h3 Bh5 18. g4 Bg6 19. Nfd4 Kc7 20. Rde1 a6 21. Bxc6 bxc6 22. Nc5 Kb6 23. Ndb3 f5 24. Nxe4 fxe4 25. Rd1 h5 26. Kg2 Bf7 27. Re2 g6 28. g5 Re5 29. h4 Be6 30. Red2 Bg4 31. Re1 Bf3+ 32. Kh3 c5 33. Rc2 Rf5 34. Kg3 Bg4 35. Nd2 Rdf8 36. Nf1 Rf3+ 37. Kg2 Bh3+ 38. Kg1 R8f4 39. Kh2 Rxh4 40. Ne3 Be6+ 41. Kg1 Rhf4 42. Ng2 Rg4 43. Kh1 Rh3+ 44. Kg1 d4 45. cxd4 cxd4 46. Rce2 e3 47. fxe3 dxe3 48. Rxe3 Rxe3 49. Rxe3 Bd5 50. Re2 Rxg5 51. Kf1 Bxg2+ 52. Rxg2 Rxg2 53. Kxg2 g5 54. Kg3 h4+ 55. Kg4 a5 56. b3 Kb5 57. a3 Kc5 58. Kh3 Kd4 59. b4 axb4 60. axb4 Kc4 61. b5 Kxb5 62. Kg4 Kc6 63. Kh3 Kd6 64. Kg4 Ke6 65. Kh3 Kf5 66. Kh2 g4 67. Kg2 Kf4 68. Kf2 g3+ 69. Kg2 Ke4 70. Kh1 Kf3 71. Kg1 h3 72. Kh1 g2+ 73. Kg1 Ke2 74. Kh2 Kf2 75. Kxh3 g1Q 76. Kh4 Kf3 77. Kh5 Kf4 78. Kh6 Kf5 79. Kh7 Kf6 80. Kh6 Qg6# 0-1